| 000 | 00346nam a22001337a 4500 | ||
|---|---|---|---|
| 003 | NUST | ||
| 005 | 20221222115943.0 | ||
| 082 | _a297.122, KHA | ||
| 100 | _aKhan, Abdul Waheed | ||
| 245 |
_aQur'aan Majeed: _bPara No.30' Amma"/ _cAbdul Waheed Khan |
||
| 260 |
_aKarachi (Pakistan) _bCaptain Group _c2018 |
||
| 300 | _a78:pages | ||
| 942 |
_2ddc _cBK |
||
| 999 |
_c592777 _d592777 |
||